<?xml version="1.0" encoding="UTF-8"?>
<record
    xmlns:xsi="http://www.w3.org/2001/XMLSchema-instance"
    xsi:schemaLocation="http://www.loc.gov/MARC21/slim http://www.loc.gov/standards/marcxml/schema/MARC21slim.xsd"
    xmlns="http://www.loc.gov/MARC21/slim">

  <leader>00437nam a2200157Ia 4500</leader>
  <datafield tag="952" ind1=" " ind2=" ">
    <subfield code="0">0</subfield>
    <subfield code="1">0</subfield>
    <subfield code="2">ddc</subfield>
    <subfield code="4">0</subfield>
    <subfield code="7">0</subfield>
    <subfield code="8">FINANCIAL ECONOMICS</subfield>
    <subfield code="a">MES</subfield>
    <subfield code="b">MES</subfield>
    <subfield code="c">ECO </subfield>
    <subfield code="d">2019-02-20</subfield>
    <subfield code="g">90.00</subfield>
    <subfield code="l">7</subfield>
    <subfield code="m">13</subfield>
    <subfield code="o">332 VEN/M</subfield>
    <subfield code="p">27278</subfield>
    <subfield code="r">2025-06-11 13:16:17</subfield>
    <subfield code="s">2025-05-15</subfield>
    <subfield code="t">2</subfield>
    <subfield code="w">2019-02-20</subfield>
    <subfield code="y">BK</subfield>
    <subfield code="z">GL4R3</subfield>
  </datafield>
  <datafield tag="952" ind1=" " ind2=" ">
    <subfield code="0">0</subfield>
    <subfield code="1">0</subfield>
    <subfield code="2">ddc</subfield>
    <subfield code="4">0</subfield>
    <subfield code="7">0</subfield>
    <subfield code="8">FINANCIAL ECONOMICS</subfield>
    <subfield code="a">MES</subfield>
    <subfield code="b">MES</subfield>
    <subfield code="c">ECO </subfield>
    <subfield code="d">2019-02-20</subfield>
    <subfield code="g">90.00</subfield>
    <subfield code="l">1</subfield>
    <subfield code="o">332 VEN/M</subfield>
    <subfield code="p">27280</subfield>
    <subfield code="r">2025-07-04 11:30:49</subfield>
    <subfield code="s">2025-07-01</subfield>
    <subfield code="t">1</subfield>
    <subfield code="w">2019-02-20</subfield>
    <subfield code="y">BK</subfield>
    <subfield code="z">GL4R3</subfield>
  </datafield>
  <datafield tag="999" ind1=" " ind2=" ">
    <subfield code="c">6280</subfield>
    <subfield code="d">6280</subfield>
  </datafield>
  <controlfield tag="003">OSt</controlfield>
  <controlfield tag="005">20200104104333.0</controlfield>
  <controlfield tag="008">190216s9999||||xx |||||||||||||| ||und||</controlfield>
  <datafield tag="040" ind1=" " ind2=" ">
    <subfield code="c">oclc</subfield>
  </datafield>
  <datafield tag="082" ind1=" " ind2=" ">
    <subfield code="a">332</subfield>
    <subfield code="b">VEN/M</subfield>
  </datafield>
  <datafield tag="100" ind1="1" ind2=" ">
    <subfield code="a">Venugopalan, K.</subfield>
    <subfield code="9">874</subfield>
  </datafield>
  <datafield tag="245" ind1=" " ind2="0">
    <subfield code="a">Money And Capital Market /</subfield>
    <subfield code="c">K Venugopalan </subfield>
  </datafield>
  <datafield tag="260" ind1=" " ind2=" ">
    <subfield code="b">Laxmi Publication Ltd,</subfield>
    <subfield code="c">2003.</subfield>
  </datafield>
  <datafield tag="300" ind1=" " ind2=" ">
    <subfield code="a">370p</subfield>
  </datafield>
  <datafield tag="942" ind1=" " ind2=" ">
    <subfield code="c">BK</subfield>
    <subfield code="2">ddc</subfield>
    <subfield code="h">332</subfield>
    <subfield code="i">VEN/M</subfield>
    <subfield code="k">332</subfield>
    <subfield code="m">VEN/M</subfield>
  </datafield>
</record>
